| 000 | 01594nam a2200385 a 4500 | ||
|---|---|---|---|
| 001 | ebr10438503 | ||
| 003 | CaPaEBR | ||
| 006 | m u | ||
| 007 | cr cn||||||||| | ||
| 008 | 100712s2011 nyu sb 001 0 eng d | ||
| 010 | _z 2010028033 | ||
| 020 | _z9781441100849 (pbk.) | ||
| 020 | _z9781441125194 (hardback) | ||
| 020 | _z9781441170811 (e-book) | ||
| 040 |
_aCaPaEBR _cCaPaEBR |
||
| 035 | _a(OCoLC)703573507 | ||
| 050 | 1 | 4 |
_aPA6519.M9 _bL58 2011eb |
| 082 | 0 | 4 |
_a873/.01 _222 |
| 100 | 1 | _aLiveley, Genevieve. | |
| 245 | 1 | 0 |
_aOvid's Metamorphoses _h[electronic resource] : _ba reader's guide / _cGenevieve Liveley. |
| 260 |
_aNew York : _bContinuum, _c2011. |
||
| 300 | _avii, 200 p. | ||
| 490 | 1 | _aContinuum reader's guides | |
| 504 | _aIncludes bibliographical references and index. | ||
| 505 | 0 | _aPreface -- Biography and context -- Overview of themes -- Textual readings: books I-XV -- Reception and influence -- Guide to further reading. | |
| 533 |
_aElectronic reproduction. _bPalo Alto, Calif. : _cebrary, _d2011. _nAvailable via World Wide Web. _nAccess may be limited to ebrary affiliated libraries. |
||
| 600 | 0 | 0 |
_aOvid, _d43 B.C.-17 or 18 A.D. _tMetamorphoses. |
| 650 | 0 |
_aFables, Latin _xHistory and criticism. |
|
| 650 | 0 | _aMythology, Classical, in literature. | |
| 650 | 0 | _aMetamorphosis in literature. | |
| 655 | 7 |
_aElectronic books. _2local |
|
| 710 | 2 | _aebrary, Inc. | |
| 830 | 0 | _aContinuum reader's guides. | |
| 856 | 4 | 0 |
_uhttp://site.ebrary.com/lib/rucke/Doc?id=10438503 _zAn electronic book accessible through the World Wide Web; click to view |
| 999 |
_c133319 _d133319 |
||